00630 a2200181 4500999001500000010001400015020002300029035001300052037001500065082001200080100002300092245006800115260004900183270004400232300002800276942003100304952011300335 c7518d7518 aENG-88030 a0070667144c225.00 aEN-71563 bDBAD / PUB14a621.3951 aMarcovitz, Alan B.1 aIntroduction to logic and computer design/cby Alan B.Marcovitz aNew DelhibTata McGraw-Hill Publishingc2008 a7, West Patel NagarbNew Delhie110 008 axii, 671p.c24cm (pbk) adplcEN2ddch621.395mMAR 001040718NFICaDBADbDBADeDBAD/PUBg225.00l0o621.395 MARpEN-71563r2008-09-15 00:00:00t1v225.00yEN